LEADER 00914nam 2200349 450 001 990001059120203316 035 $a0105912 035 $aUSA010105912 035 $a(ALEPH)000105912USA01 035 $a0105912 100 $a20020326d--------km-y0itay0103----ba 101 $afre 102 $aFR 110 $aaha-------- 200 1 $aTel Quel$elitterature, philosophie, science, politique 210 $aParis$cDu Seuil 215 $av.$d22 cm 326 $aTrimestrale 410 $12001 421 1$1001-------$12001 440 1$1001013410$12001$aL'infini 606 0 $aPeriodici francesi 676 $a054 801 0$aIT$bsalbc$gISBD 912 $a990001059120203316 958 $aUMA$bFONDO$c1972-1982 959 $aSE 979 $aPATTY$b90$c20020326$lUSA01$h1059 979 $c20020403$lUSA01$h1745 979 $aPATRY$b90$c20040406$lUSA01$h1713 996 $aTel quel$999353 997 $aUNISA LEADER 00924nam0-22003131i-450- 001 990001607030403321 005 20050128091857.0 035 $a000160703 035 $aFED01000160703 035 $a(Aleph)000160703FED01 035 $a000160703 100 $a20030910d1882----km-y0itay50------ba 101 0 $afre 200 1 $aEssai sur l' economie rurale de l' Angleterre de l' Ecosse et de l' Irlande$fLeonce de Lavergne 210 $aParis$cGuillaumin$d1882 215 $aXXIV, 474 p.$d22 cm 610 0 $aIrlanda 610 0 $aScozia 610 0 $aEconomia agraria 610 0 $aInghilterra 676 $a333 700 1$aLavergne,$bLéonce de$0352757 801 0$aIT$bUNINA$gRICA$2UNIMARC 901 $aBK 912 $a990001607030403321 952 $a60 338.1 B 20$b4220$fFAGBC 959 $aFAGBC 996 $aEssai sur l' economie rurale de l' Angleterre de l' Ecosse et de l' Irlande$9368731 997 $aUNINA